000 01277nam0a22003251 4500
001 rc\3725321
005 20130115153629.3
021 _aRU
_b[70-64074]
035 _a(NLR Aleph) 007863409
090 _a7811191
_c7811191
100 _a20130115d1970 |||y0rusy50 ca
101 0 _arus
102 _aRU
105 _aa z |||||
200 1 _aСиндром Штейна-Левенталя
_fПод ред. проф. А.С. Слепых
_gАкад. мед. наук СССР
210 _a[Ленинград]
_cМедицина. Ленингр. отд-ние
_d1970
215 _a127 с.
_cил.
_d22
300 _aВ содерж. авт.: А.С. Слепых, Н.И. Бескровная, Е.П. Калашникова и др.
300 _aРезюме на англ. яз.
320 _aБиблиогр.: с. 115-126
606 _aШтейна-Левенталя синдром
_2psbo
701 1 _aКалашникова
_bЕ. П.
701 1 _aСлепых
_bА. С.
_gАлексей Семенович
_4340
701 1 _aБескровная
_bН. И.
712 0 2 _aАкадемия медицинских наук СССР
_3RU\NLR\AUTH\8811100
801 0 _aRU
_bNLR
_gpsbo
801 1 _aRU
_bELAR
_2rusmarc
852 _aNLR
_j70-5/3266
942 _cBOOK
980 _aNB